[Event "King's Tournament"]
[Site "Bazna ROM"]
[Date "2007.06.25"]
[Round "10"]
[White "Andersson,U"]
[Black "Timman,J"]
[Result "1/2-1/2"]
[WhiteElo "2528"]
[BlackElo "2545"]

1.Nf3 Nf6 2.c4 e6 3.d4 b6 4.g3 Ba6 5.Qa4 Bb7 6.Bg2 c5 7.dxc5 Bxc5 8.O-O O-O
9.Nc3 Be7 10.Bf4 Na6 11.Rfd1 Nc5 12.Qc2 Qc8 13.Rac1 Nce4 14.Nxe4 Bxe4 15.Qb3 Qb7
16.Ne1 Bxg2 17.Nxg2 Rac8 18.Ne1 d5 19.cxd5  1/2-1/2

[Event "IV Veterans"]
[Site "Calvia ESP"]
[Date "2007.10.15"]
[Round "1"]
[White "Alonso Perez,J"]
[Black "Andersson,U"]
[Result "0-1"]
[WhiteElo "2041"]
[BlackElo "2528"]

1.e4 c5 2.Nf3 d6 3.d4 cxd4 4.Nxd4 Nf6 5.Nc3 Nc6 6.Bc4 Bd7 7.O-O g6 8.Bg5 Bg7
9.Kh1 O-O 10.Nxc6 Bxc6 11.Nd5 e6 12.Nxf6+ Bxf6 13.Bh6 Re8 14.Qd3 Bxb2 15.Rad1 Qh4
16.Qd2 Qxe4  0-1

[Event "IV Open"]
[Site "Calvia ESP"]
[Date "2007.10.15"]
[Round "1"]
[White "Thomassen,T"]
[Black "Andersson,U"]
[Result "0-1"]
[WhiteElo "2041"]
[BlackElo "2528"]

1.Nf3 c5 2.c4 g6 3.g3 Bg7 4.Bg2 Nc6 5.Nc3 e6 6.e3 Nge7 7.O-O O-O 8.d4 d6
9.b3 cxd4 10.exd4 d5 11.cxd5 Nxd5 12.Nxd5 Qxd5 13.Be3 Qd6 14.Qd2 Bd7 15.Rac1 Rfd8
16.Bf4 Qf8 17.Rfd1 Be8 18.Be3 Qa3 19.Rc4 a5 20.Ra4 Qe7 21.Rc4 Qa3 22.Ra4 Qe7
23.Rc4 Nb4 24.Rc5 b6 25.Rcc1 Rac8 26.h4 Bc6 27.Qe2 Bb7 28.Bg5 f6 29.Bf4 Kf7
30.h5 Nd5 31.Bd2 Rxc1 32.Rxc1 Rc8 33.Rxc8 Bxc8 34.Qc4 Bb7 35.hxg6+ hxg6 36.Qc1 Qd7
37.Bh6 Ne7 38.Be3 Bd5 39.Qc2 Qc6 40.Qxc6 Nxc6 41.Nd2 f5 42.Bxd5 exd5 43.Nf3 b5
44.Kf1 a4 45.bxa4 bxa4 46.a3 Na5 47.Ke2 Nc4 48.Bc1 Ke6 49.Kd3 Bf8 50.Ne5 Nxe5+
51.dxe5 Kxe5 52.f4+ Ke6 53.Bb2 Bc5 54.Kc3 Kd6 55.Kd3 Kc6  0-1

[Event "IV Open"]
[Site "Calvia ESP"]
[Date "2007.10.16"]
[Round "2"]
[White "Andersson,U"]
[Black "Aleskerov,F"]
[Result "1-0"]
[WhiteElo "2528"]
[BlackElo "2327"]

1.Nf3 c5 2.c4 Nf6 3.g3 b6 4.Bg2 Bb7 5.O-O e6 6.Nc3 a6 7.d4 cxd4 8.Qxd4 d6
9.Rd1 Be7 10.b3 Nbd7 11.Bb2 O-O 12.Qe3 Rc8 13.Nd4 Bxg2 14.Kxg2 Rc7 15.Rac1 Qa8+
16.Qf3 Qxf3+ 17.Kxf3 Ne5+ 18.Kg2 Nc6 19.Nd5 exd5 20.cxd5 Nxd4 21.Rxc7 Bd8
22.Ra7 Nb5 23.Rxa6 Nxd5 24.a4 Nbc7 25.Ra7 Re8 26.e3 Ne7 27.Rxd6 Nc8 28.Rxd8 Nxa7
29.Rd7  1-0

[Event "IV Veterans"]
[Site "Calvia ESP"]
[Date "2007.10.16"]
[Round "2"]
[White "Andersson,U"]
[Black "Molina,Jo"]
[Result "1/2-1/2"]
[WhiteElo "2528"]
[BlackElo "2201"]

1.Nf3 d5 2.d4 Nf6 3.c4 e6 4.Nc3 c5 5.cxd5 Nxd5 6.e4 Nxc3 7.bxc3 cxd4 8.cxd4 Bb4+
9.Bd2 Bxd2+ 10.Qxd2 O-O 11.Bc4 Nc6 12.O-O b6 13.Rad1 Bb7 14.Rfe1 Rc8 15.d5 exd5
16.Bxd5 Qe7 17.Qf4 Rcd8 18.Nh4 g6 19.Nf3 Kg7 20.h4 h5 21.Ng5 Rd7 22.Bxc6 Bxc6
23.Rxd7 Qxd7 24.Qe5+ Kg8 25.Qf6 Bb7 26.Re3 Qc6 27.Qe7 Ba6 28.Rf3 Qb7 29.Qd6 Bc4
30.a3 Re8 31.Rf6 Qb8 32.Qb4 b5 33.Rd6 Qc7 34.Qd2 Qc5 35.Nf3 Qxa3 36.e5 Qa1+
37.Kh2 Be6 38.Rd8 Rxd8 39.Qxd8+ Kg7 40.Qf6+ Kf8 41.Ng5 Qa2 42.Qd8+ Kg7 43.Qf6+ Kf8
44.Qd8+  1/2-1/2

[Event "IV Veterans"]
[Site "Calvia ESP"]
[Date "2007.10.18"]
[Round "4"]
[White "Perez Pascual,A"]
[Black "Andersson,U"]
[Result "0-1"]
[WhiteElo "1986"]
[BlackElo "2528"]

1.e4 e6 2.d4 d5 3.Nd2 c5 4.Ngf3 Nf6 5.exd5 Nxd5 6.Nb3 cxd4 7.Nbxd4 Be7 8.Bb5+ Bd7
9.Qe2 O-O 10.Bxd7 Qxd7 11.O-O Nc6 12.Rd1 Nxd4 13.Nxd4 Rfd8 14.c4 Nf6 15.Bf4 Qc8
16.a3 a6 17.b4 h6 18.h3 a5 19.b5 Qc5 20.Be3 Qc7 21.a4 Rac8 22.Rac1 Ba3 23.Rc2 Bc5
24.Nf3 Rxd1+ 25.Qxd1 Bxe3 26.fxe3 Ne4 27.Nd4 Nc5 28.Rd2 Qe5 29.Qf3 Rc7 30.Qf4 Qxf4
31.exf4 Nxa4 32.Nb3 b6 33.Rd4 Kf8 34.Kf2 Ke7 35.Ke3 Nc5 36.Nc1 f6 37.Nd3 Nb3
38.Re4 f5 39.Re5 Rxc4  0-1

[Event "IV Veterans"]
[Site "Calvia ESP"]
[Date "2007.10.19"]
[Round "5"]
[White "Andersson,U"]
[Black "Komysheva,M"]
[Result "1-0"]
[WhiteElo "2528"]
[BlackElo "2174"]

1.Nf3 Nf6 2.c4 e6 3.d4 d5 4.Nc3 Nbd7 5.Bg5 Bb4 6.cxd5 exd5 7.e3 c5 8.Bd3 Qa5
9.Qc2 c4 10.Bf5 O-O 11.O-O Re8 12.Nd2 g6 13.Bh3 Bxc3 14.Qxc3 Qxc3 15.bxc3 Nh5
16.Rfb1 Nb6 17.Bxc8 Raxc8 18.a4 Rc7 19.Rb5 Rd7 20.g4 Ng7 21.Nf3 Ne6 22.Bh4 Nc7
23.Rb2 Ne6 24.Rb5 Nc7 25.Rb4 Na6 26.Rb2 Kg7 27.a5 Nc8 28.Ne5 Rc7 29.Bg3 Rce7
30.g5 h6 31.h4 hxg5 32.hxg5 f6 33.gxf6+ Kxf6 34.Rb5 Nd6 35.Rxd5 Ne4 36.Nxc4 Nc7
37.Bxc7 Rxc7 38.Nd6 Nxd6 39.Rxd6+ Kf5 40.Rb1 Rg8 41.Kg2 Ke4 42.c4 g5 43.Rb3 g4
44.Rd5 Re7 45.Rh5 Rg6 46.c5 Rgg7 47.a6 bxa6 48.Rc3 Rg8 49.Kg3 a5 50.c6 a4
51.Ra5 Rf8 52.c7 Rf3+ 53.Kg2 g3 54.c8=Q Rxf2+ 55.Kg1  1-0

[Event "Weihnachtsopen Meister"]
[Site "Zurich SUI"]
[Date "2007.12.27"]
[Round "3"]
[White "Hugentobler,P"]
[Black "Andersson,U"]
[Result "0-1"]
[WhiteElo "2277"]
[BlackElo "2528"]

1.e4 c5 2.Nf3 e6 3.b3 d6 4.Bb2 Nc6 5.d4 cxd4 6.Nxd4 Nf6 7.Nxc6 bxc6 8.e5 dxe5
9.Qxd8+ Kxd8 10.Bxe5 Bc5 11.Nd2 Bxf2+ 12.Kxf2 Ng4+ 13.Kg3 Nxe5 14.Be2 Ke7
15.Nf3 Nxf3 16.Bxf3 Bd7 17.c4 Rhd8 18.Rhd1 Be8 19.c5 e5 20.b4 Rxd1 21.Rxd1 Rb8
22.a3 a5 23.Rb1 axb4 24.axb4 f5 25.h4 Kf6 26.Be2 h6 27.Kf2 g5 28.hxg5+ hxg5
29.g3 e4 30.Ke3 Ke5 31.Kd2 f4 32.gxf4+ gxf4 33.Kc3 f3 34.Bc4 e3  0-1

[Event "Weihnachtsopen Meister"]
[Site "Zurich SUI"]
[Date "2007.12.30"]
[Round "7"]
[White "Andersson,U"]
[Black "Heimann,An"]
[Result "1-0"]
[WhiteElo "2528"]
[BlackElo "2350"]

1.Nf3 c5 2.c4 Nc6 3.Nc3 g6 4.e3 Bg7 5.d4 d6 6.Be2 Nf6 7.d5 Na5 8.O-O O-O
9.Bd2 Bd7 10.e4 a6 11.Qc2 Rb8 12.a4 Qb6 13.Ra3 Bg4 14.Nd1 Nd7 15.Ne3 Bxf3
16.Bxf3 Qc7 17.Be2 e5 18.g3 b6 19.Raa1 Rbe8 20.Bd3 Qd8 21.Rae1 Qe7 22.f3 Nf6
23.Bc3 Nb7 24.Rf2 a5 25.Bf1 Nh5 26.Bh3 Bh6 27.Ng2 Bg7 28.Rfe2 Bh6 29.Rf1 Bg7
30.f4 Kh8 31.f5 Nf6 32.Bd2 Ng8 33.Ref2 Bf6 34.Bg4 Kg7 35.h4 Kh8 36.Bh3 Qd8
37.Qc1 Qe7 38.Kh2 Kg7 39.g4 Bxh4 40.Nxh4 f6 41.g5  1-0

[Event "XXI Open"]
[Site "Benidorm ESP"]
[Date "2008.04.25"]
[Round "1"]
[White "Andersson,U"]
[Black "Zotes Flecha,L"]
[Result "1-0"]
[WhiteElo "2537"]
[BlackElo "1977"]

1.d4 g6 2.c4 d6 3.Nc3 Bg7 4.Nf3 Nf6 5.g3 c6 6.Bg2 O-O 7.O-O Nbd7 8.e4 e5
9.Rb1 a6 10.dxe5 Nxe5 11.Nxe5 dxe5 12.c5 Be6 13.b3 Qxd1 14.Rxd1 Rfd8 15.Be3 Ng4
16.Bg5 f6 17.Bd2 Rd7 18.h3 Rad8 19.Be1 Nh6 20.Rxd7 Rxd7 21.f3 f5 22.Kf2 Bf6
23.Ke2 Be7 24.Na4 Bd8 25.Nb6 Bxb6 26.cxb6 Nf7 27.Rc1 fxe4 28.fxe4 Ng5 29.g4 h5
30.Bd2 Nf7 31.g5 Re7 32.h4 Bg4+ 33.Ke3 Re6 34.Bb4 Re8 35.Bf1 Be6 36.Rd1 Rd8
37.Rxd8+ Nxd8 38.Be7 Nf7 39.Bxa6 Bc8 40.Bf1  1-0

[Event "XXI Open"]
[Site "Benidorm ESP"]
[Date "2008.04.27"]
[Round "3"]
[White "Andersson,U"]
[Black "Wang Puchen"]
[Result "1-0"]
[WhiteElo "2537"]
[BlackElo "2397"]

1.Nf3 Nf6 2.c4 g6 3.Nc3 Bg7 4.e4 d6 5.d4 O-O 6.Be2 e5 7.dxe5 dxe5 8.Qxd8 Rxd8
9.Bg5 Re8 10.Nd5 Nxd5 11.cxd5 c6 12.Bc4 cxd5 13.Bxd5 Nc6 14.O-O-O Be6 15.Bxe6 Rxe6
16.Rd7 b6 17.Kb1 h6 18.Be3 Rc8 19.Rc1 Kf8 20.Nd2 Ke8 21.Rd3 Rd8 22.Rdc3 Nd4
23.Rc7 Re7 24.b3 Ne6 25.Rxe7+ Kxe7 26.Nc4 Nd4 27.Na3 Ke6 28.Rc7 Rd7 29.Rxd7 Kxd7
30.Bxd4 exd4 31.Kc2 f5 32.f3 fxe4 33.fxe4 Kc6 34.Kd3 Kc5 35.Nc2 a5 36.a3 h5
37.Nxd4 Kd6 38.Nf3 Kc5 39.Nd4 Kd6 40.g3 Bf6 41.Nf3 Bb2 42.Nd2 Kc5 43.Nc4 Bg7
44.h3 Bh8 45.g4 hxg4 46.hxg4 Bg7 47.Nd2 b5 48.Nf3 Bb2 49.a4 bxa4 50.bxa4 Kb4
51.e5 g5 52.e6 Bf6 53.Ne5 Kxa4 54.Nc6 Kb5 55.e7 Bxe7 56.Nxe7 Kc5 57.Ke4  1-0

[Event "4th ch-EU"]
[Site "Liverpool ENG"]
[Date "2008.09.09"]
[Round "1"]
[White "Andersson,U"]
[Black "Lawson,A"]
[Result "1-0"]
[WhiteElo "2562"]
[BlackElo "2200"]

1.d4 Nf6 2.c4 e6 3.Nf3 d5 4.Nc3 Be7 5.Bg5 O-O 6.e3 h6 7.Bxf6 Bxf6 8.Rc1 c6
9.Bd3 Nd7 10.O-O dxc4 11.Bxc4 e5 12.Ne4 exd4 13.Nxf6+ Qxf6 14.Qxd4 Qxd4 15.Nxd4 Nb6
16.Bb3 Re8 17.Rc3 a5 18.a3 a4 19.Ba2 Ra5 20.Rfc1 Kf8 21.Kf1 Bf5 22.Rc5 Bd3+
23.Ke1 Rea8 24.f3 Rxc5 25.Rxc5 Bg6 26.e4 Ke7 27.Kd2 Kd6 28.Rc1 Ra5 29.Ke3 f5
30.Rd1 Ke7 31.Kf4 fxe4 32.fxe4 Rc5 33.g4 Nd7 34.h4 Nf6 35.e5 Nd7 36.Re1 Bh7
37.h5 Ra5 38.Re3 Nc5 39.Bc4 Ra8 40.Re1 Rf8+ 41.Ke3 Nd7 42.Ne6 Rc8 43.Nxg7 b5
44.Bd3 Bxd3 45.Kxd3 Rg8 46.Nf5+ Ke6 47.Nxh6 Rg5 48.Re2 Kd5 49.e6 Nc5+ 50.Kc3 Ne4+
51.Rxe4 Kxe4 52.Nf7 Rxg4 53.e7  1-0

[Event "4th ch-EU"]
[Site "Liverpool ENG"]
[Date "2008.09.10"]
[Round "2"]
[White "Garcia Castro,P"]
[Black "Andersson,U"]
[Result "1/2-1/2"]
[WhiteElo "2390"]
[BlackElo "2562"]

1.e4 c5 2.Nc3 Nc6 3.g3 g6 4.Bg2 Bg7 5.d3 d6 6.f4 e5 7.Nh3 exf4 8.Bxf4 Nge7
9.Qd2 O-O 10.O-O Rb8 11.Bh6 b5 12.Bxg7 Kxg7 13.Nf4 b4 14.Ncd5 Nxd5 15.Nxd5 Ne7
16.Nf6 Ng8 17.Nd5 Bb7 18.Ne3 a5 19.Rf4 Bc8 20.Raf1 Be6 21.a3 Qb6 22.Kh1 f6
23.h4 a4 24.Kh2 bxa3  1/2-1/2

[Event "4th ch-EU"]
[Site "Liverpool ENG"]
[Date "2008.09.14"]
[Round "6"]
[White "Sebenik,M"]
[Black "Andersson,U"]
[Result "1/2-1/2"]
[WhiteElo "2485"]
[BlackElo "2562"]

1.Nf3 Nf6 2.c4 c5 3.Nc3 g6 4.d4 cxd4 5.Nxd4 Nc6 6.g3 Bg7 7.Bg2 O-O 8.O-O Nxd4
9.Qxd4 d6 10.Qd3 Bf5 11.e4 Be6 12.Bd2 Qd7 13.Rac1 Bh3 14.f3 Bxg2 15.Kxg2 a6
16.Bg5 Qd8 17.Rfd1 Rc8  1/2-1/2

[Event "4th ch-EU"]
[Site "Liverpool ENG"]
[Date "2008.09.15"]
[Round "7"]
[White "Davies,Ni"]
[Black "Andersson,U"]
[Result "1/2-1/2"]
[WhiteElo "2478"]
[BlackElo "2562"]

1.Nf3 Nf6 2.c4 c5 3.g3 g6 4.Bg2 Bg7 5.Nc3 O-O 6.O-O Nc6 7.d4 cxd4 8.Nxd4 Nxd4
9.Qxd4 d6 10.Qd3 Bf5 11.e4 Be6 12.Bd2  1/2-1/2

[Event "4th ch-EU"]
[Site "Liverpool ENG"]
[Date "2008.09.16"]
[Round "8"]
[White "Andersson,U"]
[Black "Arakhamia,K"]
[Result "1-0"]
[WhiteElo "2562"]
[BlackElo "2448"]

1.Nf3 Nf6 2.b3 g6 3.Bb2 Bg7 4.g3 d6 5.d4 O-O 6.Bg2 Nbd7 7.O-O e5 8.dxe5 Ng4
9.Nbd2 Ngxe5 10.Nxe5 Nxe5 11.Qc1 Re8 12.h3 Rb8 13.e3 b5 14.f4 Nd7 15.Bxg7 Kxg7
16.Qb2+ Qf6 17.Qxf6+ Nxf6 18.Rfe1 Bb7 19.c4 Bxg2 20.Kxg2 Ne4 21.Nxe4 Rxe4
22.Kf3 f5 23.cxb5 Rxb5 24.g4 Rc5 25.Rac1 Rxc1 26.Rxc1 c5 27.Rc4 Re7 28.b4 cxb4
29.Rxb4 Rc7 30.Rd4 Rc6 31.Ra4 a6 32.g5 h6 33.h4 hxg5 34.hxg5 Kf7 35.Ke2 Ke6
36.Kd3 d5 37.Rb4 Kd6 38.Rb7 Kc5 39.Rb3 Re6 40.Rc3+ Kd6 41.Ra3 Kc5 42.Rc3+ Kd6
43.Ra3 Kc5 44.Ra5+ Kb4 45.Rxd5 Ka3 46.Ra5+ Kb4 47.Rd5 Ka3 48.Rd7 Kxa2 49.Rf7 Rd6+
50.Ke2 Rd8 51.Rf6 Rg8 52.Rxa6+ Kb3 53.Rc6 Kb4 54.e4 Re8 55.Rxg6 Rxe4+ 56.Kf3 Rc4
57.Rf6 Rc3+ 58.Kf2  1-0

[Event "4th ch-EU"]
[Site "Liverpool ENG"]
[Date "2008.09.18"]
[Round "10"]
[White "Andersson,U"]
[Black "Pileckis,E"]
[Result "1/2-1/2"]
[WhiteElo "2562"]
[BlackElo "2443"]

1.Nf3 Nf6 2.c4 b6 3.g3 c5 4.Bg2 Bb7 5.O-O e6 6.Nc3 Be7 7.d4 cxd4 8.Qxd4 d6
9.Bg5 a6 10.Bxf6 Bxf6 11.Qf4 Bxf3 12.Qxf3 Ra7 13.Rfd1 O-O 14.Rac1 Be7 15.Ne4 Rd7
16.h4 Nc6 17.Ng5 Rc7 18.Qe3 h6 19.Ne4 Rd7 20.Nf6+ Bxf6 21.Bxc6 Ra7 22.b4 Qc7
23.Bf3 Rd8 24.Kg2 Be7 25.Qd4 Rc8 26.Rc2 a5 27.b5 d5 28.Rdc1 Bc5 29.Qd3  1/2-1/2

[Event "II Poupex Int"]
[Site "Brasilia BRA"]
[Date "2008.11.24"]
[Round "1.1"]
[White "Soares,J"]
[Black "Andersson,U"]
[Result "0-1"]
[WhiteElo "2149"]
[BlackElo "2562"]

1.e4 e6 2.d4 d5 3.Nc3 dxe4 4.Nxe4 Nd7 5.Nf3 Ngf6 6.Bg5 h6 7.Nxf6+ Nxf6 8.Be3 Bd6
9.c3 Bd7 10.Ne5 Nd5 11.Bd2 Bxe5 12.dxe5 Qh4 13.Qe2 Bc6 14.Qc4 Qh5 15.Qe2 Qf5
16.O-O-O O-O-O 17.g4 Qh7 18.Rg1 Rd7 19.Bg2 Rhd8 20.Bh1 Ne7 21.Bxc6 Nxc6 22.f4 Rd5
23.Be3 Rxd1+ 24.Rxd1 Rxd1+ 25.Qxd1 Qe4 26.Qe2 a5 27.b3 a4 28.Kb2 Kb8 29.Qf2 Kc8
30.h4 g6 31.h5 gxh5 32.gxh5 b6 33.Bd2 axb3 34.axb3 Ne7 35.Qf1 Kb7 36.Qf2 Nf5
37.Qg1 Qe2 38.Kc1 Qxh5 39.Qg2+ Kb8 40.Qg8+ Ka7 41.Qe8 Kb7 42.b4 Qh1+  0-1

[Event "II Poupex Int"]
[Site "Brasilia BRA"]
[Date "2008.11.25"]
[Round "1.2"]
[White "Andersson,U"]
[Black "Soares,J"]
[Result "1-0"]
[WhiteElo "2562"]
[BlackElo "2149"]

1.d4 Nf6 2.Nf3 d5 3.c4 e6 4.Nc3 Be7 5.Bg5 h6 6.Bxf6 Bxf6 7.e3 c6 8.Bd3 Nd7
9.O-O O-O 10.Rc1 Re8 11.Re1 b6 12.e4 dxc4 13.Bxc4 Bb7 14.a3 Be7 15.Qe2 a5
16.Ba2 b5 17.d5 exd5 18.exd5 Nf6 19.dxc6 Bxc6 20.Ne5 Bd5 21.Nxd5 Nxd5 22.Nxf7  1-0

[Event "II Poupex Int"]
[Site "Brasilia BRA"]
[Date "2008.11.26"]
[Round "2.1"]
[White "Lucena,L"]
[Black "Andersson,U"]
[Result "1/2-1/2"]
[WhiteElo "2239"]
[BlackElo "2562"]

1.Nf3 Nf6 2.g3 b6 3.Bg2 Bb7 4.O-O e6 5.d4 c5 6.c4 cxd4 7.Nxd4 Bxg2 8.Kxg2 Qc8
9.b3 a6 10.Bb2 Be7 11.Nc3 Qb7+ 12.Kg1 O-O 13.e3 Rc8 14.Qf3 Qxf3 15.Nxf3 Nc6
16.Rfd1 Rab8 17.e4 d6 18.Ba3 b5 19.cxb5 axb5 20.Bxd6 Bxd6 21.Rxd6 b4 22.Ne2 Nxe4
23.Rd3 Ne7 24.Ned4 Nd5 25.Ne5 Ra8 26.Nc4 g6 27.h4 Ra6  1/2-1/2

[Event "II Poupex Int"]
[Site "Brasilia BRA"]
[Date "2008.11.27"]
[Round "2.2"]
[White "Andersson,U"]
[Black "Lucena,L"]
[Result "1/2-1/2"]
[WhiteElo "2562"]
[BlackElo "2239"]

1.d4 Nf6 2.Nf3 e6 3.c4 d5 4.Nc3 Be7 5.Bg5 h6 6.Bxf6 Bxf6 7.e3 O-O 8.Rc1 c6
9.Bd3 Nd7 10.O-O b6 11.cxd5 exd5 12.b4 Bb7 13.Qb3 a6 14.a4 Be7 15.b5 axb5
16.axb5 Ra3 17.Qb2 Qa8 18.bxc6 Bxc6 19.Bb5 Ra5 20.Qb3 Bxb5 21.Nxb5 Qa6 22.Nc7 Qb7  1/2-1/2

[Event "II Poupex Int"]
[Site "Brasilia BRA"]
[Date "2008.11.28"]
[Round "3.1"]
[White "Shumyatsky,V"]
[Black "Andersson,U"]
[Result "1/2-1/2"]
[WhiteElo "2063"]
[BlackElo "2562"]

1.e4 e6 2.d4 d5 3.Nd2 c5 4.exd5 Qxd5 5.Ngf3 cxd4 6.Bc4 Qd6 7.O-O Nf6 8.Nb3 Nc6
9.Nbxd4 Nxd4 10.Qxd4 Qxd4 11.Nxd4 Bd7 12.Bf4 Rc8 13.Be2 Bc5 14.Nb3 Bb6 15.c4 Ke7
16.Rac1 Rhd8 17.Be5 Ba4 18.Bf3 Bc6 19.c5 Bc7 20.Bxc6 bxc6 21.Bxc7 Rxc7 22.Rfd1 Rxd1+
23.Rxd1 Rd7 24.Rc1 Kd8 25.Kf1 Rd5 26.Ke2 Re5+ 27.Kf1 Rd5 28.Ke2 Re5+ 29.Kf1  1/2-1/2

[Event "II Poupex Int"]
[Site "Brasilia BRA"]
[Date "2008.11.30"]
[Round "3.2"]
[White "Andersson,U"]
[Black "Shumyatsky,V"]
[Result "1-0"]
[WhiteElo "2562"]
[BlackElo "2063"]

1.Nf3 c5 2.c4 Nf6 3.g3 b6 4.Bg2 Bb7 5.O-O e6 6.Nc3 Be7 7.d4 cxd4 8.Qxd4 d6
9.b3 O-O 10.Rd1 Nbd7 11.Bb2 a6 12.Qe3 Qc7 13.Rac1 Rac8 14.Nd4 Ne5 15.h3 Bxg2
16.Kxg2 Qb7+ 17.Kg1 Rfe8 18.Ba3 Rxc4 19.bxc4 Nxc4 20.Qf3 Qxf3 21.Nxf3 Nxa3
22.Nb1 d5 23.Nxa3 Bxa3 24.Rc6 Bc5 25.Ne5 Ne4 26.e3 Nc3 27.Rd2 Nb5 28.Nd3 Na7
29.Rc7 Nb5 30.Rc6 Na7 31.Rc7 Nb5 32.Rd7 Rc8 33.a4 Na3 34.a5 Nc4 35.Ra2 Bf8
36.axb6 Nxb6 37.Rb7 Nc4 38.Rxa6 Nd6 39.Rd7 Ne4 40.Ra2 Nd6 41.Ne5 f6 42.Nd3 Ne4
43.Nf4 Nc5 44.Rda7 Rd8 45.Rd2 Rb8 46.Rc2 Rd8 47.Rd2 Rb8 48.Kg2 Rd8 49.Rc7 Bd6
50.Rc6 Kf7 51.Rb2 Ke7 52.Rb5 Nd7 53.Rb7 Ra8 54.Nh5 Rg8 55.Ra6 Bc5 56.Nf4 Bd6
57.Raa7 Rd8 58.Nh5 Bc5 59.Ra5 Rc8 60.Nxg7 Bb6 61.Ra6 Rc6 62.Nh5 e5 63.g4 d4
64.exd4 exd4 65.Nf4 Kd6 66.Nd3 Ke6 67.Kf3 Rd6 68.h4 Rc6 69.Ke4 Rd6 70.f4 f5+
71.gxf5+ Ke7 72.Ne5 d3 73.Raxb6  1-0

[Event "World Open"]
[Site "Leon ESP"]
[Date "2008.12.27"]
[Round "7"]
[White "Portisch,L"]
[Black "Andersson,U"]
[Result "1/2-1/2"]
[WhiteElo "2513"]
[BlackElo "2562"]

1.c4 c5 2.Nf3 Nf6 3.Nc3 Nc6 4.e3 e6 5.d4 d5 6.cxd5 Nxd5 7.Bd3 Be7 8.O-O cxd4
9.exd4 O-O 10.Re1 Re8 11.a3 Bf6 12.Be4 Nxc3 13.bxc3 Bd7 14.Qd3 g6 15.Rb1 b6
16.Ne5 Rc8 17.Ng4 Na5 18.Qf3 Bg7 19.Nh6+ Bxh6 20.Bxh6 f5 21.Bc2 Qh4 22.Bc1 Bc6
23.Qd1 Bd5  1/2-1/2

[Event "7th Gibtelecom Masters"]
[Site "Caleta ENG"]
[Date "2009.01.28"]
[Round "2"]
[White "Almond,R"]
[Black "Andersson,U"]
[Result "0-1"]
[WhiteElo "2126"]
[BlackElo "2571"]

1.d4 Nf6 2.c4 e6 3.Nc3 Bb4 4.Qc2 c5 5.dxc5 O-O 6.Bg5 Na6 7.a3 Bxc3+ 8.Qxc3 Nxc5
9.f3 Nfe4 10.Bxd8 Nxc3 11.Be7 Nb3 12.Bxf8 Kxf8 13.Rd1 Nxd1 14.Kxd1 a5 15.e3 d6
16.Ne2 Bd7 17.Nc3 Rc8 18.Bd3 a4 19.Re1 Ke7 20.Ne4 Na5 21.Nd2 e5 22.Ke2 Be6
23.Rc1 d5 24.c5 b6 25.Bb5 Bd7 26.Bxd7 Kxd7 27.Nb1 Nb3 28.Rd1 Rxc5 29.Nc3 Kc6
30.Kf1 b5 31.Kg1 d4 32.exd4 exd4 33.Na2 Kd6 34.Nb4 f6 35.Kf1 Rh5 36.Kg1 Re5
37.Kf2 Re8 38.Kf1 Kc5 39.Kf2 Kc4 40.Kf1 g5 41.Kf2 f5 42.g3 Re6 43.Kf1 Re3
44.Kf2 f4 45.gxf4 gxf4 46.Rg1 d3 47.Re1 Rxe1 48.Kxe1 Nd4  0-1

[Event "10th EICC"]
[Site "Budva MNE"]
[Date "2009.03.11"]
[Round "6"]
[White "Andersson,U"]
[Black "Atakisi,U"]
[Result "1-0"]
[WhiteElo "2571"]
[BlackElo "2393"]

1.Nf3 Nf6 2.c4 g6 3.Nc3 d5 4.cxd5 Nxd5 5.e4 Nxc3 6.dxc3 Qxd1+ 7.Kxd1 f6 8.Be3 e5
9.Nd2 Be6 10.Bc4 Kf7 11.Kc2 Nd7 12.Rad1 a5 13.a4 Nc5 14.Bxc5 Bxc5 15.f3 c6
16.Bxe6+ Kxe6 17.Nb3 Be7 18.Rd2 b6 19.Rhd1 Rhd8 20.Rxd8 Bxd8 21.Nc1 Be7 22.Nd3 Bd6
23.Re1 Ra7 24.Ra1 Ra8 25.b4 axb4 26.cxb4 b5 27.Kb3 Kd7 28.Nc1 Kc7 29.Ne2 Kb7
30.Nc3 bxa4+ 31.Nxa4 Kc7 32.Rc1 Rb8 33.Rc4 Be7 34.Nb2 Kd7 35.Nd3 Bd6 36.Rc2 Rb7
37.g3 Rb8 38.h3 Rb6 39.Rd2 Ke7 40.Rc2 Kd7 41.h4 Rb8 42.Rc1 Rb6 43.Ra1 Bxb4
44.Ra7+ Ke8 45.Nxb4 c5 46.Rxh7 Rxb4+ 47.Kc3 Kf8 48.g4 Rd4 49.Rc7 Rd1 50.Kc4 Kg8
51.Rc6 Kg7 52.g5 fxg5 53.hxg5 Rg1 54.Rc7+ Kg8 55.Kxc5 Rxg5 56.Kd6 Rg3 57.Rc3 Rg5
58.Ke6 Kg7 59.Rc7+ Kh6 60.Kf6 Rg3 61.Rc3 g5 62.Kxe5 Kg6 63.Rc6+ Kg7 64.Rf6 Rh3
65.Ke6 Rh4 66.Rf7+ Kg6 67.e5 g4 68.Rf4  1-0

[Event "XXIX Open"]
[Site "Benasque ESP"]
[Date "2009.07.07"]
[Round "6"]
[White "Andersson,U"]
[Black "Kohlweyer,B"]
[Result "1/2-1/2"]
[WhiteElo "2581"]
[BlackElo "2418"]

1.Nf3 d5 2.d4 Nf6 3.c4 e6 4.g3 dxc4 5.Qa4+ c6 6.Qxc4 b5 7.Qd3 Bb7 8.Bg2 Nbd7
9.O-O a6 10.Nc3 c5 11.dxc5 Bxc5 12.Bf4 O-O 13.Rad1 Qb6 14.Ng5 Bxg2 15.Kxg2 Rfd8
16.Qf3 Bd4 17.Nge4 Nxe4 18.Nxe4 Ne5 19.Bxe5 Bxe5 20.b4 h6 21.Nc5 Ra7 22.Rxd8+ Qxd8
23.Nd3 Bd6 24.Rc1 a5 25.bxa5 Rxa5 26.Qb7 Ra8 27.Rc2 b4 28.f3 Rb8 29.Qa6 g6
30.Rc6 Bf8 31.Qc4 Ra8 32.Ra6 Rxa6 33.Qxa6 Qd5 34.Qa4 h5 35.Qb3 Qd4 36.Qb2 Qd5
37.Nxb4 Bxb4 38.Qxb4 Qxa2  1/2-1/2

[Event "Jubilee Open"]
[Site "Zuerich SUI"]
[Date "2009.08.09"]
[Round "1"]
[White "Garcia Lopez,M"]
[Black "Andersson,U"]
[Result "0-1"]
[WhiteElo "2198"]
[BlackElo "2581"]

1.e4 c5 2.Nf3 Nc6 3.c3 d5 4.exd5 Qxd5 5.d4 e6 6.Bd3 Nf6 7.O-O Be7 8.Be3 cxd4
9.cxd4 O-O 10.Nc3 Qd8 11.a3 b6 12.Bc2 Ba6 13.Re1 Rc8 14.Rc1 Na5 15.Ne5 Nc4
16.Nxc4 Bxc4 17.Bf4 Nd5 18.Be5 Bg5 19.Nxd5 Bxd5 20.Qg4 g6 21.f4 Bh6 22.Qh3 Bg7
23.Bxg7 Kxg7 24.Qe3 Qf6 25.Be4 Bxe4 26.Qxe4 Rcd8 27.Red1 Rd5 28.g4 Rfd8 29.g5 Qf5
30.Qxf5 Rxf5 31.Rc7 a5 32.Rc6 b5 33.Rb6 Rdd5 34.Kg2 Rxf4 35.Kg3 Rff5 36.h4 a4
37.Rb7 h6 38.gxh6+ Kxh6 39.Rd3 Kg7 40.b3 axb3 41.Rxb3 Rxd4 42.Rb8 Rfd5 43.Kf2 Rxh4  0-1

[Event "Jubilee Open"]
[Site "Zuerich SUI"]
[Date "2009.08.10"]
[Round "2"]
[White "Andersson,U"]
[Black "Nueesch,G"]
[Result "1/2-1/2"]
[WhiteElo "2581"]
[BlackElo "2319"]

1.Nf3 Nf6 2.c4 c5 3.g3 d5 4.cxd5 Nxd5 5.Bg2 Nc6 6.d4 e6 7.O-O cxd4 8.Nxd4 Be7
9.Nc3 Nxd4 10.Nxd5 Nxe2+ 11.Qxe2 exd5 12.Qb5+ Qd7 13.Qxd5 Qxd5 14.Bxd5 O-O
15.Bf4 Bf6 16.Rfd1 Bh3 17.Bxb7 Rad8 18.Bc7 Rxd1+ 19.Rxd1 Bxb2 20.Bg2 Be6
21.Bd5 Bh3 22.Bg2 Be6 23.h4 h5 24.Bd5 Rc8 25.Ba5 Bxd5 26.Rxd5 Rc1+ 27.Kg2 Rc2
28.Bb4 g6 29.Rd7 Rc4 30.a3 a5 31.Bxa5 Bxa3 32.Bb6 Bb2 33.Be3 Kg7 34.Kf3 Be5
35.Rd5  1/2-1/2

[Event "Jubilee Open"]
[Site "Zuerich SUI"]
[Date "2009.08.11"]
[Round "4"]
[White "Andersson,U"]
[Black "Michalczak,T"]
[Result "1-0"]
[WhiteElo "2581"]
[BlackElo "2352"]

1.Nf3 d5 2.d4 Nf6 3.c4 e6 4.Nc3 Be7 5.Bg5 h6 6.Bxf6 Bxf6 7.e3 O-O 8.Rc1 c6
9.Bd3 dxc4 10.Bxc4 Nd7 11.O-O e5 12.h3 exd4 13.exd4 Nb6 14.Bb3 Bf5 15.Re1 Nd5
16.Bxd5 cxd5 17.Qb3 Be6 18.Qxb7 Qd6 19.Na4 Rfb8 20.Qc7 Qb4 21.b3 Bxd4 22.Nxd4 Qxd4
23.Nc5 Re8 24.Qe5 Qb4 25.Nd3 Qd2 26.Qe2 Qxe2 27.Rxe2 Bf5 28.Rd2 Bxd3 29.Rxd3 Re2
30.a4 Rb2 31.Rc7 a6 32.Rf3 Rf8 33.Ra7 f6 34.Rd3 Rf7 35.Rxa6 Rb7 36.Rd6 R2xb3
37.Rxb3 Rxb3 38.Rxd5 Ra3 39.a5 Kf7 40.h4 Ke6 41.Rb5 Kd6 42.h5 Kc6 43.Rf5 Kb7
44.Rc5 Ka6 45.Kh2 Kb7 46.f3 Ka6 47.Kh3 Ra4 48.Rd5 Ra2 49.g4 Ra3 50.Kg3 Ra4
51.Rd7  1-0

[Event "Jubilee Open"]
[Site "Zuerich SUI"]
[Date "2009.08.14"]
[Round "8"]
[White "Dourerassou,J"]
[Black "Andersson,U"]
[Result "0-1"]
[WhiteElo "2412"]
[BlackElo "2581"]

1.e4 e6 2.d4 d5 3.Nc3 dxe4 4.Nxe4 Be7 5.Nf3 Nf6 6.Bd3 Nbd7 7.Ng3 c5 8.O-O O-O
9.b3 b6 10.Bb2 Bb7 11.c4 Re8 12.Qe2 Qc7 13.Rad1 Rad8 14.Rfe1 cxd4 15.Nxd4 Bb4
16.Rf1 Bf8 17.Bb1 a6 18.Nh5 Nxh5 19.Qxh5 g6 20.Qh4 Bg7 21.Bc1 Bf6 22.Bg5 Bxg5
23.Qxg5 Kg7 24.Rd3 Nf6 25.Qh4 Be4 26.Rd2 Qe5 27.Qg3 Qxg3 28.hxg3 Bxb1 29.Rxb1 Ne4  0-1

[Event "Casino GM"]
[Site "Barcelona ESP"]
[Date "2009.11.02"]
[Round "1"]
[White "Almeida Quintana,O"]
[Black "Andersson,U"]
[Result "1/2-1/2"]
[WhiteElo "2542"]
[BlackElo "2582"]

1.d4 Nf6 2.c4 e6 3.Nf3 d5 4.Nc3 Be7 5.Bg5 h6 6.Bxf6 Bxf6 7.e3 dxc4 8.Bxc4 O-O
9.Qb3 c5 10.dxc5 Nd7 11.c6 bxc6 12.O-O Rb8 13.Qc2 Nb6 14.Rfd1 Qe7 15.Bf1 Nd5
16.Na4 Nb6 17.Nc5 Nd7 18.Nb3 c5 19.Rab1 Bb7 20.e4 Rfc8 21.Na5 Ne5 22.Nxe5 Bxe5
23.Nc4 Bd4 24.b4 Ba6 25.a4 Bxc4 26.Bxc4 Qc7 27.b5 Qa5 28.g3 Rd8 29.Kg2 Bc3
30.Rxd8+ Rxd8 31.Rd1 Rxd1 32.Qxd1 Qc7 33.Qd3 Ba5 34.f4 Kf8 35.Kf3 Ke7 36.h4 Qd7
37.h5 Qxd3+ 38.Bxd3 f6 39.e5 fxe5 40.fxe5 Bc3 41.Ke4 Kd7 42.Bc4 Ke7 43.g4  1/2-1/2

[Event "Casino GM"]
[Site "Barcelona ESP"]
[Date "2009.11.03"]
[Round "2"]
[White "Andersson,U"]
[Black "Tregubov,P"]
[Result "1/2-1/2"]
[WhiteElo "2582"]
[BlackElo "2642"]

1.Nf3 c5 2.c4 Nc6 3.d4 cxd4 4.Nxd4 e6 5.Nc3 Nf6 6.Ndb5 d5 7.Bf4 e5 8.cxd5 exf4
9.dxc6 bxc6 10.Qxd8+ Kxd8 11.Rd1+ Bd7 12.Nd6 Bxd6 13.Rxd6 Rb8 14.Rd2 Re8
15.g3 f3 16.Kd1 fxe2+ 17.Bxe2 Kc7 18.Kc1 Re5 19.Rhd1 Bf5 20.Rd4 Rbe8 21.R1d2 h5
22.h4 Rc5 23.Rc4 Rxc4 24.Bxc4 Re1+ 25.Rd1 Re7 26.Rd2 Re1+ 27.Rd1 Re7 28.Rd2 Re1+
29.Rd1 Re7 30.Rd2 Re1+  1/2-1/2